00498 2200193 4500001002100000005001500021008004100036020002200077035001900099041000700118082001000125090001600135100002000151245005500171260002300226300002800249500001100277650001600288INLIS00000000000243720241224112534241224||||||||| | ||| |||| || |  a978-602-781-991-7 0010-1224002437 aid0 a639.9 a639.9 PAN r0 aRonny Maheswara00aPanduan BudidayaSugar Glider UNTUK Hobi dan Bisnis bPustaka Baru Press aviii;148 hlm;14 x 20 cm aCet. 1 0aImu Terapan